Ang sarbey ukol sa epekto ng pagkakaroon ng nobyo/nobya kaugnay sa performans ng mga estudyante sa Unibersidad ng Foundation / (Record no. 6205)

MARC details
000 -LEADER
fixed length control field 02394naa a2200397Ia 4500
003 - CONTROL NUMBER IDENTIFIER
control field OSt
005 - DATE AND TIME OF LATEST TRANSACTION
control field 20260601145223.0
008 - FIXED-LENGTH DATA ELEMENTS--GENERAL INFORMATION
fixed length control field 260601s2002 xx 000 0 und d
040 ## - CATALOGING SOURCE
Language of cataloging tagalog
Transcribing agency Foundation University
Original cataloging agency Foundation University
Description conventions rda
050 ## - LIBRARY OF CONGRESS CALL NUMBER
Classification number CoE (SeFil-Th) LG 221 D35 E38
Item number A5 S43 F55 2012 B43
099 ## - LOCAL FREE-TEXT CALL NUMBER (OCLC)
Classification number 1180
100 ## - MAIN ENTRY--PERSONAL NAME
Personal name Beatingo, Edmar,
9 (RLIN) 2388
Relator term author.
245 10 - TITLE STATEMENT
Title Ang sarbey ukol sa epekto ng pagkakaroon ng nobyo/nobya kaugnay sa performans ng mga estudyante sa Unibersidad ng Foundation /
Statement of responsibility, etc. by Edmar Beatingo, Jethro Genel, Roy Ann Miguel Batula, Emmanuel Nuay, Dexter Merced, and Remjun Delos Reyes.
264 ## - PRODUCTION, PUBLICATION, DISTRIBUTION, MANUFACTURE, AND COPYRIGHT NOTICE
Place of production, publication, distribution, manufacture Dumaguete City :
Name of producer, publisher, distributor, manufacturer Foundation Uiniversity,
Date of production, publication, distribution, manufacture, copy right date 2012.
Copyright Date 2012.
300 ## - PHYSICAL DESCRIPTION
Extent 72 leaves :
Other physical details ill. (some color) ;
Dimensions 28 cm.
Materials specified thesis
Type of unit leaves
336 ## - CONTENT TYPE
Source rdacontent
Content type term text
Content type code txt
337 ## - MEDIA TYPE
Source rdamedia
Media type term unmediated
Media type code n
338 ## - CARRIER TYPE
Materials specified CoE-SeFil-Th)
Carrier type term volume
Carrier type code nc
Source rdacarrier
490 ## - SERIES STATEMENT
Series statement CoE-SeFil-Th)
502 ## - DISSERTATION, THESIS NOTE
Dissertation note Undergraduate thesis (BS in Secondary Education major in Filipino) -- Foundation University, 2012.
504 ## - BIBLIOGRAPHY, ETC. NOTE
Bibliography, etc. note Includes bibliographical references and appendices.
520 ## - ABSTRACT.
Abstract Sinuri sa pag-aaral na ito ang epekto ng pagkakaroon ng nobyo o nobya sa performans akademiko ng mga estudyante sa Foundation University. Tinalakay nito ang kaugnayan ng romantikong relasyon sa pag-aaral, oras ng pag-aaral, motibasyon, pagdalo sa klase, at pangkalahatang akademikong pagganap ng mga mag-aaral. Layunin din ng pag-aaral na matukoy kung may positibo o negatibong impluwensiya ang pagkakaroon ng kasintahan sa kanilang pag-aaral at pag-unlad bilang estudyante.
650 ## - SUBJECT ADDED ENTRY--TOPICAL TERM
Topical term or geographic name entry element College students
General subdivision Social conditions.
9 (RLIN) 16860
650 ## - SUBJECT ADDED ENTRY--TOPICAL TERM
Topical term or geographic name entry element Academic achievement.
9 (RLIN) 15924
650 ## - SUBJECT ADDED ENTRY--TOPICAL TERM
Topical term or geographic name entry element Interpersonal relations.
9 (RLIN) 7042
650 ## - SUBJECT ADDED ENTRY--TOPICAL TERM
Topical term or geographic name entry element Love among students.
9 (RLIN) 16914
650 ## - SUBJECT ADDED ENTRY--TOPICAL TERM
Topical term or geographic name entry element Student adjustment.
9 (RLIN) 16861
651 ## - SUBJECT ADDED ENTRY--GEOGRAPHIC NAME
Source of heading or term College students
General subdivision Attitudes.
9 (RLIN) 16915
658 ## - INDEX TERM--CURRICULUM OBJECTIVE
Main curriculum objective Research II in the Major Areas
Subordinate curriculum objective Secondary Education major in Filipino, Bachelor of Science in ;
Curriculum code EDU 115
700 ## - ADDED ENTRY--PERSONAL NAME
Personal name Genel, Jethro,
Relator term author.
9 (RLIN) 16916
700 ## - ADDED ENTRY--PERSONAL NAME
Personal name Batula, Roy Ann Miguel,
Relator term author.
9 (RLIN) 2050
700 ## - ADDED ENTRY--PERSONAL NAME
Personal name Nuay, Emmanuel,
Relator term author.
9 (RLIN) 16917
700 ## - ADDED ENTRY--PERSONAL NAME
Personal name Merced, Dexter,
Relator term author.
9 (RLIN) 16918
700 ## - ADDED ENTRY--PERSONAL NAME
Personal name Delos Reyes, Remjun
Relator term author.
9 (RLIN) 16919
942 ## - ADDED ENTRY ELEMENTS (KOHA)
Source of classification or shelving scheme Library of Congress Classification
Koha item type Thesis
Classification part LG 221 D35 E38
Item part A5 S43 F55 2012 B43
Call number prefix CoE (SeFil-Th)
Holdings
Withdrawn status Lost status Source of classification or shelving scheme Damaged status Not for loan Home library Current library Shelving location Date acquired Source of acquisition Total Checkouts Full call number Barcode Date last seen Price effective from Koha item type Accession Number
    Library of Congress Classification     Foundation University Library Foundation University Library Undergraduate Thesis 06/01/2026 Donated   CoE (SeFil-Th) LG 221 D35 E38 A5 S43 F55 2012 B43 0172026005001 06/01/2026 06/01/2026 Thesis SeFil-Th-2026008